000
00280nam a2200109Ia 4500
008
230320s9999||||xx |||||||||||||| ||spa||
082
_a
370.152/G83
100
_a
Gros Salvat, Begoña
245
0
_a
Teorías Cognitivas De Enseñanza Y Aprendizaje
260
_b
EUB
942
_8
0
_c
LIB
999
_c
47390
_d
47390